000 00567nam a22002177a 4500
003 DO-SdBNP
005 20211118122558.0
007 ta
008 211118b2010 a|||| |||| 001 0 spa d
040 _aDO-SdBNP
_bspa
_cBNPHU
082 4 _222
_a264.7
_bD611h
100 0 0 _aDisla,P.
_955483
245 1 _aUna hora con Jesús :
_bhora santa /
_cP. Disla
250 _a4ta.
260 _aSanto Domingo :
_bMSC,
_c2010.
300 _a64 p. :
_bil. ;
_c13 cm.
590 _aInventariado, 2021 / SA
650 4 _aNovenas
_980664
910 _aSaquino
942 _2ddc
_cLF2
999 _c50994
_d50994